The limited liability partnership act, 2008 / (Record no. 39161)

MARC details
000 -LEADER
fixed length control field 00723nam a22001817a 4500
005 - DATE AND TIME OF LATEST TRANSACTION
control field 20100804120615.0
010 ## - LCCN (DPL NO)
LC control number ENG-98125
035 ## - SYSTEM CONTROL NUMBER
System control number EN-81658
037 ## - SOURCE OF ACQUISITION
Source of stock number/acquisition DBAD/PUB
082 ## - DEWEY DECIMAL CLASSIFICATION NUMBER
Classification number 346.540682
245 ## - TITLE STATEMENT
Title The limited liability partnership act, 2008 /
260 ## - PUBLICATION, DISTRIBUTION, ETC. (IMPRINT)
Place of publication, distribution, etc Delhi
Name of publisher, distributor, etc Universal Law Publishing
Date of publication, distribution, etc 2009
270 ## - ADDRESS
Address C-FF-1A, Dilkhush Industrial Estate,(Opp. Hans Cinema, Azadpur) G.T. Karnal Road
City Delhi
Postal code 110033
300 ## - PHYSICAL DESCRIPTION
Extent vi, 159p.
Dimensions 24cm (pbk)
650 ## - SUBJECT ADDED ENTRY--TOPICAL TERM
Topical term or geographic name as entry element Limited liability partnership
Geographic subdivision India
942 ## - ADDED ENTRY ELEMENTS (KOHA)
Source of classification or shelving scheme Dewey Decimal Classification
Item type English Books
Classification part 346.540682
Call number suffix LIM
Holdings
Withdrawn status Lost status Not for loan Collection code Home library Current library Date acquired Source of acquisition Cost, normal purchase price Full call number Barcode Copy number Cost, replacement price Koha item type
    Not For Loan Non-fiction D.B.Act.Division D.B.Act.Division 04/08/2010 DBAD/PUB 140.00 346.540682 LIM EN-81658 1 140.00 English Books

© Delhi Public Library
Hit Counter
free hit counter